000
00295 a2200145 4500
001
166812
020
_a
040
_c
Magnum
100
_a
Foucault, Michel
240
1
0
_a
A arqueologia do saber
_l
por
245
1
0
_a
A arqueologia do saber
362
0
_a
1899
697
_a
GERAL
942
_c
BK
999
_c
166812
_d
166812